000 01747nam a2200241 a 4500
001 BRCA_8428
005 20190320210257.0
008 250815s1778----sp-#######---#000-0#spa-#
041 _aspa
044 _asp
084 _aBE147
_b.C67 1778
100 1 _aCortines, Francisco Ignacio
_921110
245 1 0 _aSermones del P.D. Nicolas Gallo Presbítero de la Congregación Del Salvador del Mundo de Madrid, que da a luz
_cFrancisco Ignacio Cortines.
260 _aMadrid
_bEn la imprenta de D. Manuel Martin
_c1778
300 _a(t.3)
_c21 cm.
500 _aCon marca de fuego : ´Procedencia de la marca: Convento de San Francisco Santa María del Pueblito de Querétaro. Institución: Orden de Frailes Menores. Provincia de San Pedro y San Pablo de Michoacán. Descripción: Monograma conformado por las iniciales ´P´, ´u´, ´E´ seguidas de ´b´, ´I´, ´T´ y ´o´ que se desata como Pueblito (2) dentro de un filete en forma de rombo. Observaciones: Krausse la incluye entre las marcas no identificadas. David Saavedra la identifica como del Convento Franciscano de Santa María del Pueblito, Villa Corregidora de Querétaro. Con el testimonio de pertenencia ubicado en este ejemplar se corrobora la atribución realizada por David Saavedra. Ubicación de la marca en el libro: Canto superior, inferior y lateral´
500 _aVer también BE7 (tomo 2, 1778)
600 1 4 _aGallo, Nicolas
_cPresbítero de la Congregación Del Salvador del Mundo de Madrid
_921111
650 1 4 _aTeología pastoral
_ySiglo XVIII
_921112
856 _ahttp://www.marcasdefuego.buap.mx:8180/xmLibris/projects/firebrand/item.jsp?repository=marcas_de_fuego&key=marcas_de_fuego_franciscanas_20150618135223_2ccc.xml&num=0
902 _aCFM
942 _2lcc
_cB
999 _c8095
_d8095